000 00273nam a22001337a 4500
020 _a9780070037183
041 _aeng
080 _a16
090 _bBAR
100 _aBarker, Stephen F.
245 _aThe Elements of Logic; Second Edition.
250 _a2
999 _c282005
_d282005
942 _cBK